|
|
|
|
| LEADER |
01190nam a2200253 4500 |
| 001 |
000019639 |
| 003 |
16078 |
| 005 |
20150812150836.0 |
| 008 |
140625s2013 sd |
| 100 |
1 |
|
|a Trần Thị An
|e Chủ biên
|
| 245 |
1 |
0 |
|a Tục ngữ các dân tộc Thiểu số Việt Nam
|c Trần Thị An (ch.b) ; Vũ Quang Dũng (bs.)
|
| 260 |
|
|
|a H.
|b Khoa học Xx hội
|c 2013
|
| 300 |
|
|
|c 21 cm.
|
| 774 |
|
|
|a Trần Thị An
|d H.
|d Khoa học xã hội
|d 2013
|g Q.3
|h 786 tr.
|n ĐTTS ghi: Hội Văn nghệ dân gian Việt Nam
|t Tục ngữ các dân tộc thiểu số Việt Nam
|w 16081
|
| 774 |
|
|
|a Trần Thị An
|d H.
|d Khoa học xã hội
|d 2013
|g Q.2
|h 599 tr.
|n ĐTTS ghi: Hội Văn nghệ dân gian Việt Nam
|t Tục ngữ các dân tộc thiểu số Việt Nam
|w 16080
|
| 774 |
|
|
|a Trần Thị An
|d H.
|d Khoa học xã hội
|d 2013
|g Q.1
|h 595 tr.
|n ĐTTS ghi: Hội Văn nghệ dân gian Việt Nam
|t Tục ngữ các dân tộc thiểu số Việt Nam
|w 16079
|
| OWN |
|
|
|a LSP
|
| 999 |
|
|
|a From the UDN01
|
| TYP |
|
|
|a Monograph
|
| TYP |
|
|
|a Printed language
|
| 980 |
|
|
|a Mạng thư viện Đại học Đà Nẵng
|